Loading...
| Science - Chemistry | 0 | 7 | 0 | 2 | 70 | 101 | 121.86 | 0 | 0 | 0.00 | 0.00 |
| History - European | 1 | 5 | 0 | 2 | 65 | 71 | 121.17 | 1 | 1 | 0.00 | 0.00 |
| History - World | 1 | 4 | 2 | 2 | 45 | 68 | 107.20 | 0 | 1 | 0.00 | 0.00 |
| Mythology | 0 | 4 | 0 | 0 | 40 | 87 | 104.50 | 1 | 2 | 0.00 | 0.00 |
| History - Other | 1 | 2 | 1 | 0 | 30 | 85 | 96.67 | 0 | 1 | 0.00 | 0.00 |
| Fine Arts - Painting and Sculpture | 0 | 2 | 0 | 0 | 20 | 136 | 143.50 | 0 | 0 | 0.00 | 0.00 |
| History - American | 0 | 2 | 1 | 0 | 15 | 91 | 92.50 | 2 | 2 | 0.00 | 0.00 |
| Other Science (Astronomy) | 1 | 0 | 0 | 0 | 15 | 82 | 82.00 | 1 | 1 | 0.00 | 0.00 |
| Religion | 0 | 2 | 1 | 1 | 15 | 136 | 142.00 | 0 | 0 | 0.00 | 0.00 |
| Fine Arts - Other Arts | 0 | 1 | 0 | 1 | 10 | 138 | 138.00 | 0 | 0 | 0.00 | 0.00 |
| Geography | 0 | 1 | 0 | 1 | 10 | 157 | 157.00 | 0 | 0 | 0.00 | 0.00 |
| Literature - European | 0 | 1 | 0 | 0 | 10 | 152 | 152.00 | 0 | 0 | 0.00 | 0.00 |
| Other Science (Earth Science) | 0 | 1 | 0 | 0 | 10 | 127 | 127.00 | 0 | 0 | 0.00 | 0.00 |
| Literature - World | 0 | 1 | 1 | 0 | 5 | 158 | 158.00 | 0 | 0 | 0.00 | 0.00 |
| Science - Physics | 0 | 1 | 1 | 0 | 5 | 116 | 116.00 | 0 | 0 | 0.00 | 0.00 |
| Science - Biology | 0 | 2 | 4 | 0 | 0 | 116 | 129.50 | 0 | 0 | 0.00 | 0.00 |
| Literature - American | 0 | 0 | 1 | 0 | -5 | 0.00 | 0 | 0 | 0.00 | 0.00 |